| 000 | 01529cgm a22002773a 4500 | ||
|---|---|---|---|
| 005 | 20260322212030.0 | ||
| 007 | data | ||
| 008 | data | ||
| 010 | _a 2010604848 | ||
| 040 |
_aDLC _cDLC _eamim _dDLC |
||
| 050 | 0 | 0 | _aDVC 1508 (viewing copy) |
| 090 | _aDVD 896 | ||
| 245 | 1 | 0 |
_aHachiko : _ba dog's story / |
| 257 | _aUnited States. | ||
| 260 | _c2008. | ||
| 300 |
_3viewing copy. _a1 videodisc of 1 (DVD-R) (92 min., 58 sec.) : _bsd., col. ; _c4 3/4 in. |
||
| 500 | _aSources used: videodisc container; Copyright catalog online; Copyright description. | ||
| 511 | 1 | _aRichard Gere, Joan Allen, Cary-Hiroyuki Tagawa. | |
| 520 | _a"This heartwarming film is an American adaptation of a famous Japanese tale about a loyal Akita dog named Hachiko. This special dog, nicknamed 'Hachi,' accompanies his master Parker, a university professor, to the train station every morning to see him off and then returns to the station each afternoon to greet him at the end of his day. The emotionally complex nature of what unfolds when their uncomplicated routine becomes uninterrupted is what makes Hachi's story a tale for the ages; a dog's faithful devotion to his master exposes the great power of love and how this simplest of acts can become the grand gesture of all"--Copyright descriptive material. | ||
| 655 | 7 |
_aFeature films. _2lcgft |
|
| 655 | 7 |
_aFiction films. _2lcgft |
|
| 720 | 2 |
_aCopyright Collection (Library of Congress) _5DLC |
|
| 906 |
_a0 _bcbc _corignew _du _encip _f20 _gy-movingim |
||
| 001 | data | ||
| 999 |
_c692 _d692 |
||